Pays commençants par la lettre « T » - Statistiques

Statistiques générales
  • Ce quiz a été pris 83 fois
    72 depuis la dernière actualisation
  • Le résultat moyen est 11 sur 14
Statistiques - réponses
PAYS EN "T" % Correct
Turquie
94%
Tunisie
93%
Tanzanie
91%
Turkménistan
91%
Tadjikistan
90%
Togo
85%
Tchad
75%
Trinité-et-Tobago
73%
Tuvalu
73%
Thaïlande
70%
Taïwan
64%
Tonga
55%
Timor oriental
54%
Tchéquie
49%
Aucun quiz correspondant
Distribution des résultats
% des personnes avec chaque résultat
Percentile par nombre de réponses
Votre historique - résultats
Vous n’avez pas pris ce quiz depuis la dernière actualisation